|
|
|
|
| LEADER |
00000cam a2200000 7i4500 |
| 001 |
0000000842 |
| 005 |
20001016.0 |
| 020 |
0 |
0 |
|a 967978584X
|
| 090 |
0 |
0 |
|a 650.1
|b ALL 1996
|
| 100 |
1 |
0 |
|a ALLCOCK
|h Debra
|
| 245 |
1 |
0 |
|a Time and work load management :
|b How to achieve more with fewer people and fewer resources with the same amount of time available to get work done
|c Debra Allcock
|
| 260 |
0 |
0 |
|a Petaling Jaya, Selangor :
|b Pelanduk Pub. ,
|c 1996
|
| 300 |
|
|
|a viii, [103] p. ;
|c 22 cm.
|
| 500 |
0 |
0 |
|a Bibliography: [p. 103]
|
| 650 |
0 |
0 |
|a Management
|
| 650 |
0 |
0 |
|a Time management
|
| 999 |
|
|
|a 0000001848
|b Monograph
|c Open Shelf
|e Default branch
|